00560nam a2200253Ia 4500008004000000020001500040041000800055082001600063100001900079245006700098260002300165300000800188650000800196650001200204650001100216650001000227650000700237650000700244650001100251650001400262650001200276650000800288650001000296210210b2007 xxu||||| |||| 00| 0 eng d a1741149142 aeng a327.73 CHOF aCHOMSKY (Noam) aFailed states: the abuse of power and the assault on democracy aAustraliab-c2007 a319 athe astates: astates apower aon aof aFailed ademocracy aassault aand aabuse